Amišy sut' v Amerycji i dale popularnŷ

Bibliographic Details
Main Author: Terek, Jozef, 1944-2025 (Author)
Format: Article
Language:Ukrainian
PhysicalDescription:Fotogr.
Subjects:
Online Access:www.rusynacademy.sk

MARC

LEADER 00000nab a2200000 a 4500
001 vtls010283479
003 SK-MaSNL
005 20260513121804.0
008 110603c2011 xo br p 000 c0ukr
015 |a SNBRB2011/06 
038 |a SVKPOCL 
040 |a SVKPOCL  |b slo  |c SVKPOCL  |e AACR2 
041 0 |a ukr 
044 |a xo  |c SK 
080 |a 316.022.4(=112.2)(73)  |2 2001 
080 |a 316.356.4(=112.2)(73)  |2 2001 
100 1 |a Terek, Jozef,  |d 1944-2025  |4 aut  |9 118562 
245 1 0 |a Amišy sut' v Amerycji i dale popularnŷ  |c Jozef Terek 
300 |b Fotogr. 
650 0 7 |a amiši  |2 svkpocl  |9 665669 
650 0 7 |a etnické skupiny  |2 svkpocl  |9 1669 
651 7 |a Lancaster (Pa.)  |2 svkpocl  |9 141055 
655 7 |a cestopisy  |2 svkpocl  |9 70220 
773 0 |t Rusyn  |g Roč. XXI, č. 2 (2011), s. 15-17 
852 |a SVKPO  |b KIS3GCP 
856 4 1 |u www.rusynacademy.sk 
958 |a RN 
958 |a NT 
958 |a US 
958 |a SK 
999 |c 3033817  |d 3035747